Eorope since 1939 (Record no. 574)
[ view plain ]
| 000 -LEADER | |
|---|---|
| fixed length control field | 00296cam a2200133ua 4500 |
| 082 ## - DEWEY DECIMAL CLASSIFICATION NUMBER | |
| Classification number | 940 |
| Item number | MAY/EU |
| 100 ## - MAIN ENTRY--AUTHOR NAME | |
| Personal name | May, Arthur J . |
| 245 ## - TITLE STATEMENT | |
| Title | Eorope since 1939 |
| 260 ## - PUBLICATION, DISTRIBUTION, ETC. (IMPRINT) | |
| Place of publication | : |
| Name of publisher | Holt, Rinehart and winston, inc , |
| Year of publication | 1966. |
| 300 ## - PHYSICAL DESCRIPTION | |
| Number of Pages | 787 ; . |
| 942 ## - ADDED ENTRY ELEMENTS (KOHA) | |
| Koha item type | Books |
| Withdrawn status | Lost status | Damaged status | Home library | Current library | Date acquired | Full call number | Accession Number | Koha item type |
|---|---|---|---|---|---|---|---|---|
| Withdrawn | KAUAET | Sanskrit University | 07/04/2012 | 940 | 11584 | Books |
